Fr. Conceicao Rodrigues College of Engineering

Engineering Industry & Technology : Survey 1991-92 (Record no. 26276)

MARC details
000 -LEADER
fixed length control field 00327nam a2200133Ia 4500
082 ## - DEWEY DECIMAL CLASSIFICATION NUMBER
Classification number 620
Item number PAN
100 ## - MAIN ENTRY--PERSONAL NAME
Personal name Sieflex
245 ## - TITLE STATEMENT
Title Engineering Industry & Technology : Survey 1991-92
260 ## - PUBLICATION, DISTRIBUTION, ETC.
Name of publisher, distributor, etc. SIEFLEX : Automation & Robotics
Place of publication, distribution, etc. Madras
Date of publication, distribution, etc. 1992
546 ## - LANGUAGE NOTE
Language note ENGLISH
654 ## - SUBJECT ADDED ENTRY--FACETED TOPICAL TERMS
Focus term Engineering
942 ## - ADDED ENTRY ELEMENTS (KOHA)
Koha item type BOOK
Holdings
Withdrawn status Lost status Damaged status Not for loan Collection Home library Current library Date acquired Source of acquisition Cost, normal purchase price Total Checkouts Full call number Barcode Date last seen Cost, replacement price Price effective from Koha item type
        CRC Fr. Agnel's C.Rodrigues College of Engineering Fr. Agnel's C.Rodrigues College of Engineering 17/03/2023 global books 400.00   620 PAN 6755 17/03/2023 400.00 17/03/2023 BOOK